| 000 | 00464nam a2200181Ia 4500 | ||
|---|---|---|---|
| 001 | 8763 | ||
| 005 | 20260306160633.0 | ||
| 008 | 260306t2005||||xx |||||||||||||| ||spa|| | ||
| 041 | _aESP | ||
| 082 |
_a371.33 _bCH93 |
||
| 100 |
_aChumpitaz Campos, Lucrecia _eAUT |
||
| 245 | 0 | _aInformática aplicada a los procesos de enseñanza-aprendizaje | |
| 260 | _c2005 | ||
| 300 |
_a70 páginas : _c23 cm. |
||
| 650 | _aGEN | ||
| 654 | _aCED | ||
| 942 |
_cLIB _dJUS _fJUS _2ddc _n |
||
| 999 |
_c8763 _d8763 |
||